00457nam a22001217a 4500003000400000245006900004260001600073300003300089942001200122952009200134952009200226999001700318SGT aOral Surgery, Oral Medicine, Oral Pathology and Oral Radiology i bMosbyc2002 aVol. 93 1-768, Vol. 94 1-700 2ddccBV 00102ddc4071aFDbFDd2024-11-14iSGTUl0pPD11r2024-11-14 00:00:00w2024-11-14yBV 00102ddc4071aFDbFDd2024-11-14iSGTUl0pPD12r2024-11-14 00:00:00w2024-11-14yBV c27299d27299